<?xml version="1.0" encoding="UTF-8"?>
<record
    xmlns:xsi="http://www.w3.org/2001/XMLSchema-instance"
    xsi:schemaLocation="http://www.loc.gov/MARC21/slim http://www.loc.gov/standards/marcxml/schema/MARC21slim.xsd"
    xmlns="http://www.loc.gov/MARC21/slim">

  <leader>01177nam0a22002771  4500</leader>
  <controlfield tag="001">v19\rc\1703130</controlfield>
  <controlfield tag="005">20250619031356.0</controlfield>
  <datafield tag="035" ind1=" " ind2=" ">
    <subfield code="a">(NLR Aleph) 004804589</subfield>
  </datafield>
  <datafield tag="090" ind1=" " ind2=" ">
    <subfield code="a">4864282</subfield>
    <subfield code="c">4864282</subfield>
  </datafield>
  <datafield tag="100" ind1=" " ind2=" ">
    <subfield code="a">20061002d1898    |||y0rusy50      ca</subfield>
  </datafield>
  <datafield tag="101" ind1="0" ind2=" ">
    <subfield code="a">rus</subfield>
  </datafield>
  <datafield tag="102" ind1=" " ind2=" ">
    <subfield code="a">RU</subfield>
  </datafield>
  <datafield tag="105" ind1=" " ind2=" ">
    <subfield code="a">y   z   |||||</subfield>
  </datafield>
  <datafield tag="200" ind1="1" ind2=" ">
    <subfield code="a">&#x414;&#x438;&#x44D;&#x442;&#x435;&#x442;&#x438;&#x43A;&#x430; &#x445;&#x440;&#x43E;&#x43D;&#x438;&#x447;&#x435;&#x441;&#x43A;&#x438;&#x445; &#x431;&#x43E;&#x43B;&#x435;&#x437;&#x43D;&#x435;&#x439;</subfield>
    <subfield code="e">&#x41F;&#x443;&#x431;&#x43B;. &#x43B;&#x435;&#x43A;&#x446;&#x438;&#x44F; [&#x447;&#x438;&#x442;. &#x432;&#x440;&#x430;&#x447;&#x43E;&#x43C; &#x425;&#x430;&#x440;&#x44C;&#x43A;. &#x433;&#x43E;&#x440;. &#x440;&#x435;&#x43C;&#x435;&#x441;&#x43B;. &#x443;&#x447;-&#x449;&#x430; &#x41D;.&#x41F;. &#x41F;&#x440;&#x435;&#x439;&#x441;. &#x432; &#x425;&#x430;&#x440;&#x44C;&#x43A;&#x43E;&#x432;&#x435;, &#x432; &#x437;&#x430;&#x43B;&#x435; &#x413;&#x43E;&#x440;. &#x434;&#x443;&#x43C;&#x44B; 21-&#x433;&#x43E; &#x43D;&#x43E;&#x44F;&#x431;. 1896 &#x433;&#x43E;&#x434;&#x430;, &#x432; &#x43F;&#x43E;&#x43B;&#x44C;&#x437;&#x443; &#x41E;-&#x432;&#x430; &#x43D;&#x430;&#x431;&#x43E;&#x440;&#x449;&#x438;&#x43A;&#x43E;&#x432; &#x433;. &#x425;&#x430;&#x440;&#x44C;&#x43A;&#x43E;&#x432;&#x430;]</subfield>
    <subfield code="f">&#x41D;&#x438;&#x43A;. &#x41F;&#x430;&#x432;. &#x41F;&#x440;&#x435;&#x439;&#x441;, &#x432;&#x440;&#x430;&#x447; &#x425;&#x430;&#x440;&#x44C;&#x43A;. &#x433;&#x43E;&#x440;. &#x440;&#x435;&#x43C;&#x435;&#x441;&#x43B;. &#x443;&#x447;-&#x449;&#x430;</subfield>
  </datafield>
  <datafield tag="210" ind1=" " ind2=" ">
    <subfield code="a">&#x425;&#x430;&#x440;&#x44C;&#x43A;&#x43E;&#x432;</subfield>
    <subfield code="c">&#x442;&#x438;&#x43F;. "&#x41F;&#x435;&#x447;. &#x434;&#x435;&#x43B;&#x43E;"</subfield>
    <subfield code="d">1898</subfield>
  </datafield>
  <datafield tag="215" ind1=" " ind2=" ">
    <subfield code="a">42 &#x441;.</subfield>
    <subfield code="d">24</subfield>
  </datafield>
  <datafield tag="320" ind1=" " ind2=" ">
    <subfield code="a">&#x411;&#x438;&#x431;&#x43B;&#x438;&#x43E;&#x433;&#x440;.: "&#x422;&#x440;&#x443;&#x434;&#x44B; &#x430;&#x432;&#x442;&#x43E;&#x440;&#x430;"... (2-3 &#x441;. &#x43E;&#x431;&#x43B;.)</subfield>
  </datafield>
  <datafield tag="700" ind1=" " ind2="1">
    <subfield code="a">&#x41F;&#x440;&#x435;&#x439;&#x441;</subfield>
    <subfield code="b">&#x41D;.&#x41F;.</subfield>
    <subfield code="f">1856-</subfield>
    <subfield code="g">&#x41D;&#x438;&#x43A;&#x43E;&#x43B;&#x430;&#x439; &#x41F;&#x430;&#x432;&#x43B;&#x43E;&#x432;&#x438;&#x447;</subfield>
  </datafield>
  <datafield tag="801" ind1=" " ind2="0">
    <subfield code="a">RU</subfield>
    <subfield code="b">NLR</subfield>
    <subfield code="g">psbo</subfield>
  </datafield>
  <datafield tag="801" ind1=" " ind2="0">
    <subfield code="a">RU</subfield>
    <subfield code="b">RuMoRGB</subfield>
    <subfield code="2">psbo</subfield>
  </datafield>
  <datafield tag="801" ind1=" " ind2="1">
    <subfield code="a">RU</subfield>
    <subfield code="b">ProSoft-M</subfield>
    <subfield code="2">rusmarc</subfield>
  </datafield>
  <datafield tag="852" ind1=" " ind2=" ">
    <subfield code="a">NLR</subfield>
    <subfield code="j">20.98.6.269</subfield>
  </datafield>
  <datafield tag="899" ind1=" " ind2=" ">
    <subfield code="a">RuMoRGB</subfield>
    <subfield code="j">U 25/1022</subfield>
  </datafield>
  <datafield tag="899" ind1=" " ind2=" ">
    <subfield code="a">&#x411;&#x410;&#x41D;</subfield>
  </datafield>
  <datafield tag="942" ind1=" " ind2=" ">
    <subfield code="c">BOOK</subfield>
  </datafield>
  <datafield tag="980" ind1=" " ind2=" ">
    <subfield code="a">NB</subfield>
  </datafield>
  <datafield tag="995" ind1=" " ind2=" ">
    <subfield code="5">2013-10-26</subfield>
    <subfield code="b">NLR02</subfield>
    <subfield code="c">NLR02</subfield>
    <subfield code="e">RFS</subfield>
    <subfield code="f">4804589-10</subfield>
    <subfield code="k">20.98.6.269</subfield>
    <subfield code="o">0</subfield>
    <subfield code="r">BOOK</subfield>
    <subfield code="s">20986269_</subfield>
  </datafield>
  <datafield tag="995" ind1=" " ind2=" ">
    <subfield code="5">2013-10-26</subfield>
    <subfield code="b">NLR01</subfield>
    <subfield code="c">NLR01</subfield>
    <subfield code="e">TEMP</subfield>
    <subfield code="f">4804589-30</subfield>
    <subfield code="o">0</subfield>
    <subfield code="r">BOOK</subfield>
  </datafield>
</record>
